Исследования алгоритмов кэширования для систем обработки и хранения информации; Современные техника и технологии; Т. 2

Bibliografiske detaljer
Parent link:Современные техника и технологии: сборник трудов XVII международной научно-практической конференции студентов, аспирантов и молодых ученых, Томск, 18-22 апреля 2011 г/ Национальный исследовательский Томский политехнический университет (ТПУ).— , 2011
Т. 2.— 2011.— [С. 341-342]
Hovedforfatter: Захарьянц А. Г.
Andre forfattere: Бортников А. В. (научный руководитель), Аксёнов С. В. Сергей Владимирович
Summary:Заглавие с титульного экрана
Sprog:russisk
Udgivet: 2011
Serier:Информатика и управление в технических системах
Fag:
Online adgang:http://www.lib.tpu.ru/fulltext/c/2011/C01/V02/165.pdf
Format: MixedMaterials Electronisk Book Chapter
KOHA link:https://koha.lib.tpu.ru/cgi-bin/koha/opac-detail.pl?biblionumber=234789

MARC

LEADER 00000naa2a2200000 4500
001 234789
005 20260209114115.0
035 |a (RuTPU)RU\TPU\book\255917 
035 |a RU\TPU\book\255912 
090 |a 234789 
100 |a 20130328d2011 k y0rusy50 ca 
101 0 |a rus 
102 |a RU 
135 |a drnn ---uucaa 
181 0 |a i  
182 0 |a b 
200 1 |a Исследования алгоритмов кэширования для систем обработки и хранения информации  |f А. Г. Захарьянц, А. В. Бортников  |g науч. рук. С. В. Аксёнов 
203 |a Текст  |c электронный 
225 1 |a Информатика и управление в технических системах 
300 |a Заглавие с титульного экрана 
337 |a Adobe Reader 
461 1 |0 (RuTPU)RU\TPU\book\255301  |t Современные техника и технологии  |o сборник трудов XVII международной научно-практической конференции студентов, аспирантов и молодых ученых, Томск, 18-22 апреля 2011 г  |o в 3 т.  |f Национальный исследовательский Томский политехнический университет (ТПУ)  |d 2011 
463 1 |0 (RuTPU)RU\TPU\book\255307  |t Т. 2  |v [С. 341-342]  |d 2011 
610 1 |a труды учёных ТПУ 
610 1 |a электронный ресурс 
610 1 |a исследования 
610 1 |a алгоритмы 
610 1 |a кэширование 
610 1 |a хранение 
610 1 |a информация 
700 1 |a Захарьянц  |b А. Г. 
701 1 |a Бортников  |b А. В. 
702 1 |a Аксёнов  |b С. В.  |c специалист в области информатики и вычислительной техники  |c доцент Томского политехнического университета, кандидат технических наук   |f 1983-  |g Сергей Владимирович  |3 (RuTPU)RU\TPU\pers\25383  |4 727 
801 2 |a RU  |b 63413507  |c 20130416  |g RCR 
856 4 |u http://www.lib.tpu.ru/fulltext/c/2011/C01/V02/165.pdf 
942 |c CF